000 01194nam0a22002651 4500
001 rc\646840
005 20031121164909.7
035 _a(NLR Aleph) 005887367
090 _a6141285
_c6141285
100 _a20031121d1986 u |0rusy50 ca
101 0 _arus
102 _aRU
105 _aa |||||||||
200 1 _aРЫБОХОЗЯЙСТВЕННЫЕ исследования на внутренних водоемах Северного Кавказа и Среднего Поволжья
_e[Сб. ст.]
_fПод ред. к. б. н. Г.А. Москула
210 _aЛ.
_cПромрыбвод
_d1986
215 _a114 с.
_cил.
_d21
225 1 _aСборник научных трудов
_fГос. НИИ озер. и реч. рыб. хоз-ва (ГосНИОРХ) Науч.-произв. об-ния по пром. и тепловод. рыболовству
_vВып. 251
300 _aВ надзаг.: М-во рыб. хоз-ва РСФСР
320 _aБиблиогр. в конце ст.
702 1 _aМоскул
_bГ. А.
_gГеоргий Алексеевич
_4340
801 0 _aRU
_bNLR
_gpsbo
801 1 _aRU
_bELAR
_2rusmarc
852 _aNLR
_jП13/63
942 _cBOOK
980 _aNB